000
00317nam a22001457a 4500
003
SGT
082
_a
616.01
_b
M16A
100
_a
ARORA, D.R.
245
_a
MICROBIOLOGY FOR NURSING & ALLIED SCIENCES
250
_a
2ND
260
_a
INDIA
_b
CBS PUB
_c
2016
300
_a
394
650
_a
HOMOEOPATHIC
942
_2
ddc
_c
BK
999
_c
18524
_d
18524